000 00887nas a2200289 4500
001 BR9604059
003 BR-BrBNA
005 20231205095801.0
007 ta
008 230509b bl.|||p| |||| 00| 00por d
040 _aBR-BrBNA
_bpor
_cBiblioteca Nacional de Agricultura
041 _a(Pt)
072 _aH20
100 1 _aChalfoun, S.M.
100 1 _aCarvalho, V.L. de
100 1 _aSaturnino, H.M.
100 1 _aCarvalho, V.D. de
245 1 _aTeores de compostos fenolicos em peliculas de bulbilhos de coloracao normal e alterada de cultivares de alho
650 _aAlho
650 _aFungo
650 _aVariedade Resistente
650 _aSubstancia Toxica
650 _aCor
773 0 _tPesquisa Agropecuaria Brasileira (Brazil)
_xISSN 0100-204X
_g(Sep 1995), v. 30(9) p. 1163-1166
_wBR9604059
909 _a202311
_bLúcia
_c55
_dLúcia Elande
942 _2AGRIS
_n0
_cANA
999 _c152692
_d152692